O Corvinho, o menino que queria ser herói (Record no. 2032)
[ view plain ]
| 000 -Etiqueta do registo | |
|---|---|
| Valores | 00627nam a2200241 4500 |
| 010 ## - Número ISBN | |
| ISBN | 9789899065215 |
| 021 ## - Número do Depósito Legal | |
| Código do país | Portugal |
| Número | 537045/24 |
| 100 ## - Dados gerais de processamento | |
| Dados gerais | 20260114d2024 b||y0pory50030103ba |
| 101 ## - Língua de publicação | |
| Língua | Português |
| 102 ## - País de publicação | |
| País | Portugal |
| 200 ## - Titulo e menção de responsabilidade | |
| Título próprio | O Corvinho, o menino que queria ser herói |
| Primeira menção de responsabilidade | Luís Louro |
| 205 ## - Menção da edição | |
| Edição | 1ª edição |
| 210 ## - Publicação | |
| Local de publicação | Prior Velho |
| Nome do editor | A Seita |
| Data de publicação | 2024 |
| 215 ## - Descrição física | |
| Paginação / Volumes | [48] p. |
| Outras indicações físicas | il. |
| Dimensões | 24 cm |
| 225 ## - Colecção | |
| Título próprio da colecção | Bicho carpinteiro |
| 300 ## - Notas gerais | |
| Texto da nota | BMB-Registado |
| 606 ## - Nome comum usado como assunto | |
| ID Autoridade | 863 |
| Palavra de ordem | Literatura Infantil |
| 675 ## - CDU | |
| Notação | 087.5 |
| Edição | BMB |
| Língua | por |
| 700 ## - Autor principal (pessoa individual) | |
| Apelido | Louro |
| Nome | Luís |
| Datas | 1965- |
| ID Autoridade | 2911 |
| 801 ## - Fonte de origem | |
| País | PT |
| Agência | BMB |
| Regras de catalogação | RPC |
| 990 ## - Elementos KOHA | |
| Tipo de documento | Livro |
| Situação do levantamento | Estado | Número | Biblioteca de origem | Código de barras | Cota | Permissão de empréstimo | Tipo de documento | Forma de aquisição |
|---|---|---|---|---|---|---|---|---|
| 1 | Biblioteca Municipal de Borba | 1982 | 087.5 LOU / MEN | Livro | Compra |